• 首页
  • 本馆介绍
  • 公告通知
  • 最新文献
  • 馆藏检索
  • 电子资源
  • 读者导购
  • 参考咨询
  • 我的图书馆
  • 登录
  • 详细信息显示
  • 放入我的书架
  • 预约/预借图书
  • 作者相关作品
  • 分类相关作品
  • 丛书相关作品
  • 出版社相关作品

书目信息

  • 表格格式
  • 工作单格式
  • 卡片格式
题名:
大酋长伊丽莎白
    
 
作者: 米尔顿 著 ;陈乔一 译
分册:  
出版信息: 北京   九州出版社  2021
页数: 358页, [2] 页图版
开本: 22cm
丛书名: 汗青堂
单 册:
中图分类: K561.33
科图分类:
主题词:
电子资源:
ISBN: 978-7-5108-8567-9
000 01387nam 2200301 450
001 2132260825
005 20211114085744.73
010    @a978-7-5108-8567-9@b精装@dCNY72.00
100    @a20210122d2021 em y0chiy50 ea
101 1  @achi@ceng
102    @aCN@b110000
105    @aabf a 000yy
200 1  @a大酋长伊丽莎白@Ada qiu zhang yi li sha bai@d= Big chief Elizabeth@ehow England's adventurers gambled and won the new world@f(英) 贾尔斯·米尔顿著@g陈乔一译@zeng
210    @a北京@c九州出版社@d2021
215    @a358页, [2] 页图版@c图, 地图@d22cm
225 2  @a汗青堂@Ahan qing tang@v070
312    @a封面题其他题名信息: 英格兰冒险家和第一批美洲殖民地的命运
320    @a有书目 (第351-358页)
330    @a本书讲述了伊丽莎白时代的英格兰商人和冒险家如何穿越大西洋,到新大陆定居的故事。作者以大量日记、手稿资料为基础,为读者讲述这段跌宕起伏、激动人心、神秘生动的故事,带领读者一道踏上前往美洲的探险旅程。
410  0 @12001 @a汗青堂@v070
500 10 @aBig chief Elizabeth : how England's adventurers gambled and won the new world@mChinese
517 1  @a英格兰冒险家和第一批美洲殖民地的命运@Aying ge lan mao xian jia he di yi pi mei zhou zhi min di de ming yun
607    @a英国@Aying guo@x中世纪史
690    @aK561.33@v5
701  1 @a米尔顿@Ami er dun@g(Milton, Giles)@4著
702  0 @a陈乔一@Achen qiao yi@4译
801  0 @aCN@bBP@c20210122
905    @aZUCC@dK561.33@e2
    
    大酋长伊丽莎白= Big chief Elizabeth:how England's adventurers gambled and won the new world/(英) 贾尔斯·米尔顿著/陈乔一译.-北京:九州出版社,2021
    358页, [2] 页图版:图, 地图;22cm.-(汗青堂;070)
    
    
    ISBN 978-7-5108-8567-9(精装):CNY72.00
    本书讲述了伊丽莎白时代的英格兰商人和冒险家如何穿越大西洋,到新大陆定居的故事。作者以大量日记、手稿资料为基础,为读者讲述这段跌宕起伏、激动人心、神秘生动的故事,带领读者一道踏上前往美洲的探险旅程。
●
相关链接 在五车中查询图书 在当当中查询图书 在豆瓣中查询图书


正题名:大酋长伊丽莎白     索取号:K561.33/2         预约/预借

序号 登录号 条形码 馆藏地/架位号 状态 备注
1 2000885659   2000885659   第三书库/ [索取号:K561.33/2] 在馆    
2 2000885660   2000885660   第三书库/ [索取号:K561.33/2] 在馆    
3 2000885661   2000885661   第三书库/ [索取号:K561.33/2] 在馆    
山东省滨州职业学院图书馆 欢迎您!
大连网信软件有限公司© 版权所有